[Event "AUT-chT2O 1718"]
[Site "Austria"]
[Date "2017.12.02"]
[Round "5.2"]
[White "Morgunov, Daniel"]
[Black "Poell, Markus"]
[Result "1/2-1/2"]
[WhiteElo "2147"]
[BlackElo "2133"]
[PlyCount "120"]
[EventDate "2017.10.21"]
[EventType "team-tourn"]
[EventRounds "11"]
[EventCountry "AUT"]
[SourceTitle "EXT 2019"]
[Source "ChessBase"]
[SourceDate "2018.10.10"]
[SourceVersion "1"]
[SourceVersionDate "2018.10.10"]
[SourceQuality "1"]
[WhiteTeam "Tschaturanga"]
[BlackTeam "Mostarrichi"]
[WhiteTeamCountry "AUT"]
[BlackTeamCountry "AUT"]

1. e4 c6 2. d4 d5 3. Nc3 dxe4 4. Nxe4 Bf5 5. Ng3 Bg6 6. h4 h6 7. Nf3 Nd7 8. h5 Bh7 9. Bd3 Bxd3 10. Qxd3 e6 11. Bd2 Ngf6 12. 0-0-0 Be7 13. Ne4 Nxe4 14. Qxe4 Nf6 15. Qe2 Qd5 16. c4 Qe4 17. Qxe4 Nxe4 18. Be3 Nf6 19. Kc2 0-0 20. Ne5 Rfd8 21. f3 Nd7 22. g4 Nxe5 23. dxe5 b6 24. a4 Rxd1 25. Rxd1 Rd8 26. Rxd8+ Bxd8 27. b4 Kf8 28. b5 c5 29. a5 Kg8 30. a6 Kh7 31. Kd3 Be7 32. Ke4 Bd8 33. f4 g6 34. hxg6+ Kxg6 35. f5+ Kg7 36. Bf2 Kh7 37. Kf3 Be7 38. Kg2 Bd8 39. Kh3 Be7 40. Bg3 Bd8 41. Bh4 Bg5 42. Bf2 Be7 43. Be1 Bd8 44. Bh4 Bg5 45. Kg3 Kg8 46. Kh3 Kh7 47. Be1 Bd8 48. Bd2 Bg5 49. Ba5 Bd8 50. Be1 Be7 51. Kg2 Bd8 52. Kf3 Be7 53. Bd2 Bg5 54. Bf4 Be7 55. Kg3 Bd8 56. Be3 Be7 57. Bg1 Bd8 58. Kh3 Be7 59. Bf2 Bd8 60. Bh4 Bg5 1/2-1/2

[Event "AUT-chT2O 1718"]
[Site "Austria"]
[Date "2017.11.19"]
[Round "4.5"]
[White "Poell, Markus"]
[Black "Weissenbeck, Manuel"]
[Result "0-1"]
[WhiteElo "2133"]
[BlackElo "2239"]
[PlyCount "78"]
[EventDate "2017.10.21"]
[EventType "team-tourn"]
[EventRounds "11"]
[EventCountry "AUT"]
[SourceTitle "CBM 181 Extra"]
[Source "ChessBase"]
[SourceDate "2017.12.12"]
[SourceVersion "1"]
[SourceVersionDate "2017.12.12"]
[SourceQuality "1"]
[WhiteTeam "Mostarrichi"]
[BlackTeam "Pressbaum"]
[WhiteTeamCountry "AUT"]
[BlackTeamCountry "AUT"]

1. e4 c5 2. a3 d6 3. Nc3 Nc6 4. Bc4 g6 5. h3 Bg7 6. d3 e6 7. Nf3 Nge7 8. 0-0 0-0 9. Ba2 b6 10. Ne2 Ba6 11. Rb1 d5 12. Ng3 Qc7 13. b4 Nd4 14. Nxd4 cxd4 15. Bb3 Bb7 16. Bb2 Rfd8 17. Qd2 h5 18. Qg5 e5 19. f4 exf4 20. Nxh5 gxh5 21. Bxd4 Ng6 22. Bxg7 Kxg7 23. exd5 Re8 24. Rbe1 Qc3 25. Rxe8 Rxe8 26. Qxh5 Re5 27. Qg4 Qd4+ 28. Kh2 Bxd5 29. Qd7 Rg5 30. Bxd5 Qxd5 31. Qxd5 Rxd5 32. Re1 Kf6 33. Kg1 Rg5 34. Re2 Nh4 35. Rf2 Ke5 36. Kf1 Nf5 37. Kg1 Rg3 38. Kh2 Re3 39. Rd2 Re1 0-1

[Event "AUT-chT2O 1718"]
[Site "Austria"]
[Date "2017.10.22"]
[Round "2.6"]
[White "Poell, Markus"]
[Black "Iro, Christian"]
[Result "1-0"]
[WhiteElo "2133"]
[BlackElo "2046"]
[PlyCount "79"]
[EventDate "2017.10.21"]
[EventType "team-tourn"]
[EventRounds "11"]
[EventCountry "AUT"]
[SourceTitle "CBM 181 Extra"]
[Source "ChessBase"]
[SourceDate "2017.12.12"]
[SourceVersion "1"]
[SourceVersionDate "2017.12.12"]
[SourceQuality "1"]
[WhiteTeam "Mostarrichi"]
[BlackTeam "Austria"]
[WhiteTeamCountry "AUT"]
[BlackTeamCountry "AUT"]

1. d4 Nf6 2. Bf4 e6 3. e3 d5 4. Bd3 c5 5. c3 Nc6 6. Nd2 Bd6 7. Bg3 0-0 8. Ngf3 b6 9. 0-0 Bb7 10. Ne5 Ne7 11. Qf3 Ng6 12. Nxg6 fxg6 13. Bxd6 Qxd6 14. Qg3 Qxg3 15. hxg3 Rf7 16. Be2 Raf8 17. a4 c4 18. e4 Bc6 19. e5 Nd7 20. Nf3 h6 21. Ne1 a5 22. Nc2 Re7 23. Ne3 Rb8 24. Bf3 Rc8 25. Bd1 Nf8 26. f4 h5 27. g4 hxg4 28. Bxg4 Rb7 29. Rf2 b5 30. axb5 Rxb5 31. Bd1 Ra8 32. g4 Rb7 33. Bf3 Rab8 34. Ra2 Rb6 35. f5 gxf5 36. gxf5 a4 37. fxe6 Nxe6 38. Nxd5 R6b7 39. Ne7+ Rxe7 40. Bxc6 1-0